Score 0/15 Timer 05:00
19 Plays Today
% Correct
Canary Wharf
89.1%
Elephant and Castle
88%
Cockfosters
83.2%
Finchley Central
82%
Lambeth North
80.9%
White Hart Lane
80.8%
Ravenscourt Park
79.8%
Blackhorse Road
75.2%
% Correct
Heron Quays
68.6%
Goldhawk Road
65.7%
Catford
65.4%
Buckhurst Hill
65%
Ravensbourne
62.9%
Falconwood
55.5%
Turkey Street
36.8%
Remove Ads.
Support Sporcle.
Get the best of Sporcle when you Go Orange. This ad-free experience offers more features, more stats, and more fun while also helping to support Sporcle. Thank you for becoming a member.

You're not logged in!

Compare scores with friends on all Sporcle quizzes.
OR
Log In

Show Comments

Extras

Top Quizzes Today


Score Distribution

Your Account Isn't Verified!

In order to create a playlist on Sporcle, you need to verify the email address you used during registration. Go to your Sporcle Settings to finish the process.

Report this User

Report this user for behavior that violates our Community Guidelines.

Details: